00709nam a2200229Ia 4500003000900000008004100009040001300050040001300063041000800076100002200084245006500106250002300171260002100194260000900215300001000224300001000234490001900244490000600263942000700269999001700276952018600293IT-RoPAU120407s9999 xx 000 0 und d aIT-RoPAU cIT-RoPAU aita aValerio Albisetti aIl training autogeno. Per la quiete psicosomatica. 4a. ed. aCinisello Balsamo  aEdizioni Paoline c1988 a90 p. c20 cm aI prismi, 14 v1 cBK c37137d37137 00102ddc406150_71400000000000071aPAULUSbPAULUSd2012-04-11l0o150.714r2012-04-11 00:00:00w2012-04-11yBKzInserito da: Anna In data: n.d. fondo: Via A.Severo 56 Progr:14711